Wskaźnik zabójstw na świecie - Statystyki

Ogólne statystyki
  • Ten quiz został rozwiązany 33 razy
  • Średni wynik to 6 z 18
Statystyki odpowiedzi
Ilość na 100tys mieszkańców Kraj % Poprawnych
28,4 Meksyk
90%
36,7 Wenezuela
76%
36,3 Honduras
55%
44,7 Jamajka
48%
33,5 RPA
48%
0,2 Luksemburg
45%
37,2 Salwador
45%
0 Monako
41%
0,3 Japonia
38%
0 San Marino
38%
0,2 Singapur
38%
0,1 Bahrajn
14%
0,3 Oman
14%
0,3 Senegal
14%
28,4 Birma
10%
38,6 Trynidad i Tobago
10%
0 Bermudy
3%
43,6 Lesotho
3%
Nie znaleziono quizów pasujących do podanych kryteriów
Rozkład punktacji
Procent ludzi z każdym wynikiem
Percentyl według liczby udzielonych odpowiedzi
Twoja historia wyników
Nie rozwiązałeś tego quizu